000 00859nam a22002297a 4500
003 UA-OsUOA
001 41536
007 ta
008 20080919b un ||||| |||| 00| 0 ukr d
090 _a27(477).152
_bЗ-12
942 _cBK
040 _aUA-OsUOA
_bukr
_cUA-OsUOA
_dUA-OsUOA
245 _aЗа рідну церкву.
_bМаємо Блаженнішого верховного архієпископа. Ч.1.
300 _a64 с.
955 _a4
041 _aukr
080 _a27(477).152
260 _c1967
246 3 1 _aОфіційний бюлетень централі комітетів оборони обряду, традицій і мови української католицької церкви у ЗДА і Канаді.
650 7 _a27 Загальна історія Християнської церкви
_2UDC
999 _c440036
_d440036